Catálogo
 En Linea

Estado actual de la terapéutica antituberculosa. / (Registro nro. 32590)

Detalles MARC
000 -CABECERA
campo de control de longitud fija 00635nam a2200157 a 4500
001 - NÚMERO DE CONTROL
campo de control 000033099
005 - FECHA Y HORA DE LA ÚLTIMA TRANSACCIÓN
campo de control 20200930070028.0
008 - DATOS DE LONGITUD FIJA--INFORMACIÓN GENERAL
campo de control de longitud fija 110817s1912 dr 000 0 spa d
040 ## - FUENTE DE LA CATALOGACIÓN
Centro catalogador/agencia de origen DO-SdBNP
Lengua de catalogación spa
Centro/agencia transcriptor BNPHU
082 ## - NÚMERO DE LA CLASIFICACIÓN DECIMAL DEWEY
Número de clasificación xxxx
Número de documento/Ítem F438e
100 1# - ENTRADA PRINCIPAL--NOMBRE DE PERSONA
Nombre de persona Fiallo, Elio Augusto
9 (RLIN) 58773
245 10 - MENCIÓN DE TÍTULO
Título Estado actual de la terapéutica antituberculosa. /
Mención de responsabilidad, etc. Elio Augusto Fiallo.
260 ## - PUBLICACIÓN, DISTRIBUCIÓN, ETC.
Lugar de publicación, distribución, etc. Santo Domingo, :
Nombre del editor, distribuidor, etc. Instituto profesional de Santo Domingo,
Fecha de publicación, distribución, etc. 1912.
300 ## - DESCRIPCIÓN FÍSICA
Extensión 77 p. ;
Dimensiones 23 cm.
500 ## - NOTA GENERAL
Nota general Originalmente presentado como tesis para optar por la licenciatura de la facultad de medicina y cirugia del Instituto profesional de Santo Domingo.
Existencias
Estado de retiro Estado de pérdida Restricciones de uso No para préstamo Código de colección Localización permanente Ubicación/localización actual Ubicación en estantería Fecha de adquisición Número de inventario Total de préstamos Signatura topográfica completa Código de barras Fecha visto por última vez Precio válido a partir de Tipo de ítem Koha Nota pública
      Excluido de préstamo Raros y valiosos Patrimonio Dominicano Patrimonio Dominicano En catalogación 17.08.2011 LF1   xxxx F438e 33099-10 25.06.2020 25.06.2020 No se presta Perteneció a la biblioteca personal de Carlos Larrazábal Blanco

Con tecnología Koha